The doll in the garden : (Record no. 1026)

MARC details
000 -LEADER
fixed length control field 01000nam a22002777a 4500
005 - DATE AND TIME OF LATEST TRANSACTION
control field 20230718141510.0
020 ## - INTERNATIONAL STANDARD BOOK NUMBER
International Standard Book Number 0899198481 :
Terms of availability $13.95 (est.)
040 ## - CATALOGING SOURCE
Original cataloging agency DLC
Transcribing agency DLC
Modifying agency DLC
Language of cataloging eng
050 00 - LIBRARY OF CONGRESS CALL NUMBER
Classification number PZ7.H1256
Item number Do 1989
082 00 - DEWEY DECIMAL CLASSIFICATION NUMBER
Classification number 813.54
Edition number 19
100 1# - MAIN ENTRY--PERSONAL NAME
Personal name Hahn, Mary Downing.
245 14 - TITLE STATEMENT
Title The doll in the garden :
Remainder of title a ghost story /
Statement of responsibility, etc. Mary Downing Hahn.
250 ## - EDITION STATEMENT
Edition statement First Avon Camelot printing, April 1990.
260 ## - PUBLICATION, DISTRIBUTION, ETC.
Place of publication, distribution, etc. New York :
Name of publisher, distributor, etc. Avon,
Date of publication, distribution, etc. 1990.
300 ## - PHYSICAL DESCRIPTION
Extent 128 pages :
Dimensions 19 cm.
505 ## - FORMATTED CONTENTS NOTE
Formatted contents note T <br/>
520 ## - SUMMARY, ETC.
Summary, etc. After Ashley and Kristi find an antique doll buried in old Miss Cooper's garden, they discover that they can enter a ghostly turn-of-the-nineteenth-century world by going through a hole in the hedge.
521 ## - TARGET AUDIENCE NOTE
Target audience note 800<br/>
Source Lexile <br/>
521 ## - TARGET AUDIENCE NOTE
Target audience note T <br/>
Source Raz-Plus <br/>
650 #1 - SUBJECT ADDED ENTRY--TOPICAL TERM
Topical term or geographic name entry element Time travel
Form subdivision Fiction.
650 #1 - SUBJECT ADDED ENTRY--TOPICAL TERM
Topical term or geographic name entry element Ghosts
Form subdivision Fiction.
906 ## - LOCAL DATA ELEMENT F, LDF (RLIN)
a 7
b cbc
c orignew
d 1
e ocip
f 19
g y-gencatlg
942 ## - ADDED ENTRY ELEMENTS (KOHA)
Source of classification or shelving scheme Dewey Decimal Classification
Koha item type Books
Suppress in OPAC No
999 ## -
-- 1026
-- 1026
Holdings
Withdrawn status Lost status Source of classification or shelving scheme Damaged status Not for loan Collection Home library Current library Shelving location Date acquired Total Checkouts Full call number Barcode Date last seen Date last checked out Price effective from Koha item type
    Dewey Decimal Classification     Fiction Footprints International School Library Network Toul Kork Campus Footprints International School Library Network Toul Kork Campus A TK Campus, 4th Floor, Room B401, Fiction Bookcases (1-6) 07/18/2023 1 HAH 813.54 PZ7.H1256 2023-0126 09/28/2023 09/18/2023 07/18/2023 Books